Potential impact of climate change on wildlife tourism: a case study of Dudhwa National Park, Lakhimpur Kheri, Uttarpradesh (Record no. 502567)

000 -LEADER
fixed length control field 00671cam a22001577a 4500
008 - FIXED-LENGTH DATA ELEMENTS--GENERAL INFORMATION
fixed length control field 180718b2012 xxu||||| |||| 00| 0 eng d
082 ## - DEWEY DECIMAL CLASSIFICATION NUMBER
Classification number APPPA 2011-12/DUB
100 ## - MAIN ENTRY--PERSONAL NAME
Personal name Dubey, Prabhakar
245 ## - TITLE STATEMENT
Title Potential impact of climate change on wildlife tourism: a case study of Dudhwa National Park, Lakhimpur Kheri, Uttarpradesh
Statement of responsibility, etc. by Prabhakar Dubey
260 ## - PUBLICATION, DISTRIBUTION, ETC.
Place of publication, distribution, etc. New Delhi
Name of publisher, distributor, etc. Indian Institute of Public Administration
Date of publication, distribution, etc. 2012
300 ## - PHYSICAL DESCRIPTION
Extent 128p.
500 ## - GENERAL NOTE
General note An APPPA M. Phil dissertation, 2011-12 (Guide: Prof. V. K. Sharma)
650 ## - SUBJECT ADDED ENTRY--TOPICAL TERM
Topical term or geographic name entry element Tourism -India -Uttar Pradesh
650 ## - SUBJECT ADDED ENTRY--TOPICAL TERM
Topical term or geographic name entry element Wild life conservation -India -Uttar Pradesh
650 ## - SUBJECT ADDED ENTRY--TOPICAL TERM
Topical term or geographic name entry element Wild life -India -Uttar Pradesh
Holdings
Withdrawn status Lost status Damaged status Not for loan Permanent Location Current Location Date acquired Full call number Barcode Date last seen Price effective from Koha item type
        Indian Institute of Public Administration Indian Institute of Public Administration 2018-08-04 APPPA 2011-12/DUB GR18760 2018-08-04 2018-08-04 GR

Powered by Koha